Name the Bible books of the Old Testament - Bible Quiz - Statistics

General Stats
  • This quiz has been taken 135 times
    130 since last reset
  • The average score is 28 of 39
Answer Stats
Answer % Correct
Genesis
100%
Exodus
99%
Leviticus
92%
Numbers
92%
Deuteronomy
89%
Judges
88%
Ruth
87%
Joshua
83%
Job
80%
Esther
79%
Psalms
79%
1 Kings
76%
2 Kings
76%
Isaiah
75%
1 Chronicles
74%
2 Chronicles
74%
1 Samuel
72%
2 Samuel
72%
Proverbs
72%
Ezekiel
70%
Jonah
70%
Daniel
68%
Ezra
66%
Jeremiah
66%
Malachi
63%
Ecclesiastes
62%
Song of Solomon
62%
Habakkuk
61%
Lamentations
61%
Nehemiah
59%
Nahum
59%
Amos
58%
Hosea
58%
Joel
55%
Micah
55%
Obadiah
54%
Zechariah
53%
Zephaniah
53%
Haggai
46%
No matching quizzes found
Score Distribution
Percent of People with Each Score
Percentile by Number Answered
Your Score History
You have not taken this quiz since the last reset